Finish the Quote: Spongebob Squarepants Quiz Stats

 Plays Quiz not verified by Sporcle

Support Sporcle.
Go Orange.
Score 0/10 Timer 05:00
0 Plays Today
Quote Rest of Quote % Correct
'Bring it ______ town!' (1)around
94.6%
'The Krusty Krab pizza is the pizza _______.' (4)for you and me
79.7%
'MY NAME'S NOT ____!' (1)RICK
71.1%
'_______ meatloaf! My favorite!' (1)Holographic
60.9%
'Whew! It's a good thing that was only a sea bear, this dirt circle would never protect us against a ________!' (2)sea rhinoceros
56%
'Gary, I'm absorbing his blows like I'm made of some sort of ______.' (2)spongy material
53%
'Excuse me sir? You're sitting on my face.... which is _______.' (3)also my body
44%
'Gary, _____________, and you are gonna like it!' (6)you are gonna finish your dessert
43.8%
'Isn't this great, Squidward? Just you, me, and _______.' (7)this brick wall you built between us
41.3%
'Stupid _________!' (2)inflatable pants
20.1%

You're not logged in!

Compare scores with friends on all Sporcle quizzes.
OR
Log In

From the Vault

10 Most Populous US States by Any Census

by phil_quiz

It's safe to say things have changed quite a bit from that original 1790 census.
Remove Ads.
Support Sporcle.
Get the best of Sporcle when you Go Orange. This ad-free experience offers more features, more stats, and more fun while also helping to support Sporcle. Thank you for becoming a member.

Show Comments

Extras

Top Quizzes Today


Score Distribution

Your Account Isn't Verified!

In order to create a playlist on Sporcle, you need to verify the email address you used during registration. Go to your Sporcle Settings to finish the process.

Report this User

Report this user for behavior that violates our Community Guidelines.

Details: